000 00459ntaaa2200181 4500
003 01
005 20251027202838.0
008 0714s1973 ag 01
040 _aAR-BaBN
_bspa
_cAR-BaBN
_eaacr
_dRIC
082 _a268.6370 Eu2
100 _aEudaly, María S de
_94138
245 _aLecciones objetivas
250 _a1 ed.
260 _aEl Paso :
_bCasa Bautista de Publicaciones,
_cs.f.
300 _a31 p
650 _aeducación visual
_924205
942 _cBK
999 _c23830
_d23830